000 00534nam a2200205 a 4500
001 12260
003 CO-ViMGA
008 141112s2004 ck r 000 u spa d
020 _a8408019392
040 _aCO-ViMGA
_bspa
_cCO-ViMGA
082 _a843.91 H84m
100 1 _aHugo, Victor
_96345
245 1 0 _aLos Miserables
250 _a6
260 _aBarcelona,
_cEd. Planeta,
_c1999
300 _a1347 p.
590 _aPrecio : 48.900 - - Fecha de adquisición : Ag. 23, 2000
650 1 4 _aNOVELA FRANCESA
_92629
942 _2ddc
_cBK
999 _c11427
_d11427